|
|
|
|
| LEADER |
00000nab a2200000Ia 4500 |
| 001 |
vtls010708516 |
| 003 |
SK-MaSNL |
| 005 |
20260304194257.0 |
| 008 |
250709|1995 xo |||||||||||||||||slo| |
| 035 |
|
|
|a (urnnbn)urn:nbn:sk:snk:ar-a043ms
|
| 035 |
|
|
|a (uuid)f788bc62-cbec-4c50-a259-125a23b72c5f
|
| 035 |
|
|
|a urn:nbn:sk:snk-ab3ccq
|
| 040 |
|
|
|a SNKBUCL
|b slo
|c SNKBUCL
|e AACR2
|
| 041 |
0 |
|
|a slo
|
| 044 |
|
|
|a xo
|c SK
|
| 080 |
|
|
|a (494)
|2 2001
|
| 080 |
|
|
|a a 4 miestne určenie
|2 2001
|
| 080 |
|
|
|a 070.431
|2 2001
|
| 080 |
|
|
|a 796.52
|2 2001
|
| 100 |
1 |
|
|a Jackovič, Pavol
|4 aut
|9 769858
|
| 245 |
1 |
0 |
|a SEVERNOU STENOU EIGERU
|c Pavol Jackovič
|
| 650 |
0 |
7 |
|a reportáže
|2 SNKPH
|9 75670
|
| 650 |
0 |
7 |
|a horolezectvo
|2 SNKPH
|9 1050
|
| 651 |
|
7 |
|a Švajčiarsko
|2 SNKPH
|9 20143
|
| 651 |
|
7 |
|a Alpy (pohorie)
|2 SNKPH
|9 51997
|
| 773 |
0 |
|
|t Jamesák : odborný, metodický a informačný časopis Slovenského horolezeckého spolku James
|g Roč. 27, č. 4 (1995), s. 4-5
|
| 850 |
|
|
|a Slovenská národná knižnica
|
| 852 |
|
|
|a Slovenská národná knižnica
|
| 954 |
|
|
|a odborná, vedecká literatúra pôvodná (slovenská)
|2 lita
|
| 958 |
|
|
|a article1
|
| 958 |
|
|
|a OND
|
| 958 |
|
|
|a EUIPO
|
| 999 |
|
|
|c 3073319
|d 3075249
|